| 000 | 00797nam a2200217Ia 4500 | ||
|---|---|---|---|
| 999 |
_c39035 _d39035 |
||
| 001 | 5552 | ||
| 003 | GE_BSU | ||
| 005 | 20190607213338.0 | ||
| 008 | 181216s1966||||ge |||||||||||||| ||geo|| | ||
| 040 | _cGE_BSU | ||
| 041 | _ageo | ||
| 080 | _a744(075.8) ბ-97 | ||
| 100 |
_aბურჭულაძე, ს. _92257 |
||
| 245 |
_aხაზვის კურსი : _bსახელმძღვ. / _cს. ბურჭულაძე ; რედ. : შ. ძიძიგური |
||
| 250 | _aმეორე გამოცემა | ||
| 264 |
_aთბილისი : _bგანათლება, _c1966. |
||
| 300 |
_a336 გვ. : _bილ. ; _c27 სმ. |
||
| 653 | _aხაზვა | ||
| 700 |
_aძიძიგური, შ. _eრედაქტორი _92258 |
||
| 942 |
_cBK _2udc |
||